[Event "SRB Central-chT qual"]
[Site "Nis"]
[Date "2014.10.02"]
[Round "1"]
[White "Vulicevic, Branimir"]
[Black "Savic, Miodrag R"]
[Result "1/2-1/2"]
[WhiteElo "2117"]
[BlackElo "2520"]
[PlyCount "21"]
[EventDate "2014.10.02"]
[EventType "team-tourn"]
[EventRounds "7"]
[EventCountry "SRB"]
[SourceTitle "CBM 163 Extra"]
[Source "ChessBase"]
[SourceDate "2014.12.23"]
[SourceVersion "1"]
[SourceVersionDate "2014.12.23"]
[SourceQuality "1"]

1. d4 d5 2. c4 e6 3. Nc3 Be7 4. Nf3 Nf6 5. Bg5 0-0 6. e3 h6 7. Bh4 b6 8. cxd5 Nxd5 9. Bxe7 Qxe7 10. Rc1 Bb7 11. Bc4 1/2-1/2

[Event "SRB-chT2 East"]
[Site "Serbia"]
[Date "2010.09.19"]
[Round "2"]
[White "Nikolic, Boban"]
[Black "Vulicevic, Branimir"]
[Result "1/2-1/2"]
[WhiteElo "2236"]
[BlackElo "2145"]
[PlyCount "77"]
[EventDate "2010.09.11"]
[EventType "team"]
[EventRounds "11"]
[EventCountry "SRB"]
[SourceTitle "EXT 2012"]
[Source "ChessBase"]
[SourceDate "2011.11.24"]
[SourceVersion "1"]
[SourceVersionDate "2011.11.24"]
[SourceQuality "1"]

1. c4 e6 2. g3 d5 3. Bg2 Nf6 4. Nf3 Be7 5. 0-0 0-0 6. d4 c6 7. Qc2 Re8 8. b3 Nbd7 9. Bb2 b6 10. Nbd2 Bb7 11. Rfd1 Rc8 12. e4 dxe4 13. Ng5 Qc7 14. Ngxe4 c5 15. d5 exd5 16. cxd5 Nxd5 17. Nc4 Rcd8 18. Ng5 Bxg5 19. Bxd5 Bxd5 20. Rxd5 Bf6 21. Nd6 Rf8 22. Rad1 Bxb2 23. Nb5 Qb8 24. Rxd7 a6 25. Na7 Rxd7 26. Rxd7 Bf6 27. Qc4 Qe8 28. Qd5 Qe1+ 29. Kg2 Bd4 30. Qf3 Qe6 31. Rb7 b5 32. Nc6 Bf6 33. Ra7 c4 34. Rxa6 c3 35. Nb4 Qd7 36. Rxf6 gxf6 37. Nd5 Qe6 38. Nxc3 Rb8 39. Nd5 1/2-1/2

[Event "SRB-chT2 East"]
[Site "Serbia"]
[Date "2007.10.21"]
[Round "11.1"]
[White "Vulicevic, Branimir"]
[Black "Illijin, Neboisa"]
[Result "1/2-1/2"]
[WhiteElo "2169"]
[BlackElo "2250"]
[PlyCount "26"]
[EventDate "2007.09.09"]
[EventType "team"]
[EventRounds "11"]
[EventCountry "SRB"]
[SourceTitle "EXT 2012"]
[Source "ChessBase"]
[SourceDate "2011.11.24"]
[SourceVersion "1"]
[SourceVersionDate "2011.11.24"]
[SourceQuality "1"]
[WhiteTeam "Prokuplje Toplicanin"]
[BlackTeam "Jagodina Kablovi"]
[WhiteTeamCountry "SRB"]
[BlackTeamCountry "SRB"]

1. d4 Nf6 2. Nf3 b6 3. c4 e6 4. g3 Bb7 5. Bg2 Be7 6. 0-0 0-0 7. b3 d6 8. Bb2 Nbd7 9. Nc3 Ne4 10. Nxe4 Bxe4 11. Ne1 Bxg2 12. Nxg2 Nf6 13. f3 d5 1/2-1/2

[Event "SRB-chT2 East"]
[Site "Serbia"]
[Date "2007.10.18"]
[Round "7.1"]
[White "Milenkovic, Slavisa"]
[Black "Vulicevic, Branimir"]
[Result "1-0"]
[WhiteElo "2179"]
[BlackElo "2169"]
[PlyCount "69"]
[EventDate "2007.09.09"]
[EventType "team"]
[EventRounds "11"]
[EventCountry "SRB"]
[SourceTitle "EXT 2012"]
[Source "ChessBase"]
[SourceDate "2011.11.24"]
[SourceVersion "1"]
[SourceVersionDate "2011.11.24"]
[SourceQuality "1"]
[WhiteTeam "Kostolac Rudar"]
[BlackTeam "Prokuplje Toplicanin"]
[WhiteTeamCountry "SRB"]
[BlackTeamCountry "SRB"]

1. Nf3 e6 2. d4 d5 3. c4 Be7 4. Nc3 Nf6 5. Bg5 0-0 6. e3 Nbd7 7. Qb3 c6 8. Bd3 Re8 9. h3 Nf8 10. 0-0 Nh5 11. Bxe7 Qxe7 12. g4 Nf6 13. Rfe1 b6 14. e4 dxc4 15. Bxc4 Bb7 16. a4 N6d7 17. e5 Rab8 18. Rad1 Ng6 19. Ne4 Ndf8 20. Nd6 Red8 21. Qe3 Ba8 22. Ng5 Nh8 23. Nge4 Nhg6 24. f4 c5 25. dxc5 bxc5 26. b3 Qh4 27. Ng5 Rd7 28. Kh2 h6 29. Nf3 Qd8 30. Bb5 Bd5 31. Rd3 Re7 32. Kg3 Rc7 33. f5 Ne7 34. Qf4 Nc6 35. Bc4 1-0

[Event "Nis Easter"]
[Site "Nis"]
[Date "2007.04.23"]
[Round "5"]
[White "Petkovic, Dragoslav"]
[Black "Vulicevic, Branimir"]
[Result "1/2-1/2"]
[WhiteElo "2296"]
[BlackElo "2163"]
[PlyCount "20"]
[EventDate "2007.04.19"]
[EventType "schev"]
[EventRounds "8"]
[EventCountry "YUG"]
[SourceTitle "EXT 2008"]
[Source "ChessBase"]
[SourceDate "2007.11.25"]
[SourceVersion "1"]
[SourceVersionDate "2007.11.25"]
[SourceQuality "1"]

1. d4 e6 2. Bf4 Nf6 3. e3 d5 4. c3 c5 5. Nf3 Nc6 6. Nbd2 Bd6 7. Bxd6 Qxd6 8. Bb5 0-0 9. Bxc6 bxc6 10. 0-0 cxd4 1/2-1/2

[Event "Nis Easter"]
[Site "Nis"]
[Date "2007.04.22"]
[Round "4"]
[White "Djukic, Nebojsa"]
[Black "Vulicevic, Branimir"]
[Result "1/2-1/2"]
[WhiteElo "2151"]
[BlackElo "2163"]
[PlyCount "22"]
[EventDate "2007.04.19"]
[EventType "schev"]
[EventRounds "8"]
[EventCountry "YUG"]
[SourceTitle "EXT 2008"]
[Source "ChessBase"]
[SourceDate "2007.11.25"]
[SourceVersion "1"]
[SourceVersionDate "2007.11.25"]
[SourceQuality "1"]

1. e4 e6 2. d4 d5 3. e5 c5 4. c3 Nc6 5. f4 cxd4 6. cxd4 Qb6 7. Nf3 Bd7 8. Nc3 Nh6 9. Na4 Bb4+ 10. Bd2 Bxd2+ 11. Qxd2 Qb4 1/2-1/2

[Event "Nis Easter"]
[Site "Nis"]
[Date "2007.04.19"]
[Round "1"]
[White "Vulicevic, Branimir"]
[Black "Petkovic, Dragoslav"]
[Result "1/2-1/2"]
[WhiteElo "2163"]
[BlackElo "2296"]
[PlyCount "22"]
[EventDate "2007.04.19"]
[EventType "schev"]
[EventRounds "8"]
[EventCountry "YUG"]
[SourceTitle "EXT 2008"]
[Source "ChessBase"]
[SourceDate "2007.11.25"]
[SourceVersion "1"]
[SourceVersionDate "2007.11.25"]
[SourceQuality "1"]

1. d4 d6 2. Nf3 Bg4 3. c4 c6 4. Nc3 Qc7 5. e3 e5 6. Be2 Nf6 7. b3 Be7 8. Bb2 Nbd7 9. 0-0 0-0 10. Rc1 Rfe8 11. Re1 Bf8 1/2-1/2

[Event "YUG-chT2"]
[Site "Tivat"]
[Date "1995.??.??"]
[Round "7"]
[White "Mihic, Vladimir"]
[Black "Vulicevic, Branimir"]
[Result "0-1"]
[WhiteElo "2215"]
[BlackElo "2250"]
[PlyCount "120"]
[EventDate "1995.??.??"]
[EventType "team"]
[EventRounds "11"]
[EventCountry "YUG"]
[SourceTitle "EXT 2002"]
[Source "ChessBase"]
[SourceDate "2001.11.25"]
[SourceVersion "1"]
[SourceVersionDate "2001.11.25"]
[SourceQuality "1"]

1. e4 e6 2. Nf3 d5 3. Nc3 Nf6 4. e5 Nfd7 5. d4 c5 6. dxc5 Nc6 7. Bf4 Bxc5 8. Bd3 a6 9. 0-0 Be7 10. h3 0-0 11. Re1 f6 12. exf6 Bxf6 13. Bd6 Re8 14. Qe2 Nf8 15. Bg3 Bd7 16. Rad1 Rc8 17. Ne5 Nb4 18. Qh5 Nxd3 19. Rxd3 Re7 20. Bh4 Be8 21. Qg4 Bxh4 22. Qxh4 Rec7 23. Qg4 Qd6 24. Rd4 a5 25. Rf4 Qb6 26. Qf3 Ng6 27. Nxg6 Bxg6 28. Qe2 Rc6 29. Na4 Qc7 30. Rd4 Bxc2 31. Nc3 Bg6 32. a4 Bf7 33. f4 Qb6 34. Qf2 Rc4 35. Red1 Rxd4 36. Rxd4 Qc6 37. Kh2 Qc7 38. Nb5 Qd7 39. Qd2 b6 40. Nc3 Rf8 41. Nd1 Qd6 42. Ne3 Bg6 43. Nc4 Qc7 44. Ne5 Be4 45. g3 Rc8 46. Ng4 Qe7 47. Ne3 Qc5 48. Nd1 Qc1 49. Qxc1 Rxc1 50. g4 Rc2+ 51. Kg1 Bf3 52. Nc3 Rg2+ 53. Kf1 Rxb2 54. Rd3 Bg2+ 55. Ke1 Rb4 56. Rg3 Be4 57. f5 exf5 58. gxf5 Kf7 59. Kd2 Bxf5 60. Rf3 g6 0-1

[Event "YUG-chT2"]
[Site "Tivat"]
[Date "1995.??.??"]
[Round "3"]
[White "Vulicevic, Branimir"]
[Black "Perovic, Dragan"]
[Result "0-1"]
[WhiteElo "2250"]
[BlackElo "2390"]
[PlyCount "136"]
[EventDate "1995.??.??"]
[EventType "team"]
[EventRounds "11"]
[EventCountry "YUG"]
[SourceTitle "EXT 2002"]
[Source "ChessBase"]
[SourceDate "2001.11.25"]
[SourceVersion "1"]
[SourceVersionDate "2001.11.25"]
[SourceQuality "1"]

1. d4 d5 2. Nf3 Nc6 3. Bf4 Bg4 4. e3 e6 5. Nbd2 Bd6 6. Bg3 Nge7 7. c4 0-0 8. cxd5 exd5 9. Be2 f5 10. Bxd6 Qxd6 11. g3 Rae8 12. Qb3 Kh8 13. 0-0-0 a5 14. Kb1 a4 15. Qc3 a3 16. b3 Nb4 17. Rc1 Nec6 18. Ka1 Re7 19. Bd1 Rfe8 20. h3 Bxf3 21. Nxf3 Qf6 22. h4 Kg8 23. Be2 Qh6 24. Ng5 Qd6 25. Bb5 Rf8 26. Rhd1 Nd8 27. Bf1 c6 28. Qc5 Qxc5 29. Rxc5 b6 30. Rc3 Nf7 31. Nh3 Nd6 32. Bg2 Ne4 33. Rcc1 g6 34. Kb1 h6 35. Bf3 Kg7 36. Bxe4 fxe4 37. Rd2 Rf6 38. Rf1 Rf5 39. Kc1 g5 40. hxg5 hxg5 41. Kd1 Kg6 42. g4 Rf8 43. Ng1 Ref7 44. Ke2 Rh7 45. f3 Rh2+ 46. Rf2 Rh1 47. Rg2 Rfh8 48. Kf2 Nd3+ 49. Ke2 Rf8 50. Rc2 Nb4 51. Rd2 Rf7 52. Kf2 Nd3+ 53. Ke2 Rh8 54. Rc2 Nb4 55. Rd2 Rf6 56. Rf2 Rhf8 57. Rf1 R8f7 58. Rf2 Nd3 59. Rf1 Rh7 60. Kd1 Rh1 61. Kc2 Rxf3 62. Nxf3 Rxf1 63. Ne5+ Kf6 64. Rh2 Ke6 65. Rh5 Rf2+ 66. Kc3 c5 67. b4 Re2 68. bxc5 bxc5 0-1

[Event "YUG-chT2"]
[Site "Yugoslavia"]
[Date "1994.??.??"]
[Round "9"]
[White "Dekic, Josip"]
[Black "Vulicevic, Branimir"]
[Result "1-0"]
[WhiteElo "2285"]
[BlackElo "2295"]
[PlyCount "121"]
[EventDate "1994.??.??"]
[EventType "team"]
[EventRounds "11"]
[EventCountry "YUG"]
[SourceTitle "EXT 1997"]
[Source "ChessBase"]
[SourceDate "1996.11.15"]
[SourceVersion "1"]
[SourceVersionDate "1996.11.15"]
[SourceQuality "1"]

1. e4 e6 2. d4 d5 3. e5 c5 4. c3 Qb6 5. Nf3 Bd7 6. a3 c4 7. Nbd2 Nc6 8. b3 cxb3 9. Nxb3 Qc7 10. Bd3 f5 11. 0-0 Nge7 12. a4 Nd8 13. Nc5 Nec6 14. Nxd7 Qxd7 15. c4 Nb4 16. Be2 Be7 17. Bd2 0-0 18. Bxb4 Bxb4 19. Qb3 a5 20. Rac1 h6 21. h4 Nc6 22. cxd5 exd5 23. Bb5 Rac8 24. Rc2 Qe6 25. Rfc1 Ne7 26. Kf1 Rxc2 27. Rxc2 Rc8 28. Ke2 g6 29. g3 Kg7 30. Ng1 Rxc2+ 31. Qxc2 Qc8 32. Qxc8 Nxc8 33. Nh3 Ne7 34. Nf4 g5 35. hxg5 hxg5 36. Ne6+ Kh6 37. Nd8 Bc3 38. Kd3 Be1 39. Ke3 b6 40. Ne6 Bc3 41. Bd7 Bb2 42. Nc7 Kg6 43. Kd3 g4 44. Na8 Kg5 45. Nxb6 f4 46. Nc8 Ng6 47. Be6 fxg3 48. fxg3 Nxe5+ 49. dxe5 Bxe5 50. Bxd5 Bxg3 51. Ne7 Kf6 52. Nc6 Bc7 53. Kc4 Kf5 54. Kb5 g3 55. Nxa5 Ke5 56. Bc6 Kd4 57. Nc4 Kd3 58. Nb6 Ke2 59. a5 Kf2 60. a6 Bb8 61. Bd5 1-0

[Event "YUG-chT2"]
[Site "Yugoslavia"]
[Date "1994.??.??"]
[Round "8"]
[White "Jovic, Aleksandar"]
[Black "Vulicevic, Branimir"]
[Result "0-1"]
[WhiteElo "2370"]
[BlackElo "2295"]
[PlyCount "138"]
[EventDate "1994.??.??"]
[EventType "team"]
[EventRounds "11"]
[EventCountry "YUG"]
[SourceTitle "EXT 1997"]
[Source "ChessBase"]
[SourceDate "1996.11.15"]
[SourceVersion "1"]
[SourceVersionDate "1996.11.15"]
[SourceQuality "1"]

1. c4 e6 2. g3 d5 3. Bg2 Nf6 4. Nf3 Be7 5. 0-0 0-0 6. Qc2 Nbd7 7. d3 c6 8. b3 b6 9. Bb2 Bb7 10. e4 c5 11. Re1 d4 12. e5 Ne8 13. Nbd2 Rb8 14. h4 g6 15. Bc1 Ng7 16. Ne4 Nf5 17. Bf4 Ba8 18. a4 a5 19. Qd2 Re8 20. Bg5 Kg7 21. Qf4 h6 22. Bxe7 Qxe7 23. Bh3 Rf8 24. Re2 Qd8 25. Rae1 Bxe4 26. Rxe4 Rg8 27. R4e2 Qe7 28. Qe4 Nf8 29. Kg2 Nh7 30. Nh2 Qb7 31. Qxb7 Rxb7 32. Nf3 Ne7 33. Kf1 Rc7 34. Bg2 Nc6 35. Re4 Nb4 36. Ke2 Na2 37. Kd2 Nc3 38. Rf4 Kf8 39. Nh2 h5 40. Nf3 Na2 41. g4 hxg4 42. Nh2 Rh8 43. Nxg4 Kg7 44. Rh1 Nf8 45. Nf6 Nd7 46. Nxd7 Rxd7 47. Bf3 Rh7 48. h5 gxh5 49. Rxh5 Rxh5 50. Bxh5 Nb4 51. Bf3 Rd8 52. Rg4+ Kf8 53. Be4 Ke7 54. Rg7 Na6 55. Bg6 Rf8 56. f4 Nb8 57. Ke2 Nc6 58. Kf3 Nd8 59. Bh5 Rh8 60. Kg4 Kf8 61. Rg5 Nc6 62. Kf3 Ne7 63. Kg4 Nf5 64. Kf3 Ng7 65. Kg4 Rh6 66. Kh4 Rh7 67. Kg4 Ke7 68. Kh4 f6 69. exf6+ Kxf6 0-1